zpět

Detail výsledku týmu

Baarovka, České Budějovice

Datum a čas kvízu

34 Celkem bodů Celkový počet nahraných bodů na tomto kvízu bez doplňovacích otázek.
4. Pořadí na kvízu Konečné umístění týmu na tomto kvízu.

Zaznamenané odpovědi

# Otázka Odpověď Body Výsledky
1. Poslanci jedné parlamentní str... 1
2. Německá kancléřka Angela Merke... 1
3. Jak bylo oznámeno minulý týden... 0
4. Pouze dva obžalovaní stanuli v... 1
5. První vítězství ve světovém po... 1
22. Přiřaďte k sobě rodová a druho... 0
23. Několik druhů chameleonů (např... 1
24. Jak se nazývá tento živočich?... 0
25. Napište jméno herce s tureckým... 1
10. Název politického hnutí založe... 1